Southville International School and Colleges
Your cart is empty.
  • Cart
  • Lists
    Public lists Eva Luna New books Lux_list list_1
    Your lists Log in to create your own lists
  • Log in to your account
  • Your cookies
  • Search history
Southville International School and Colleges
  • Advanced search
  • Recent comments
  • Most popular
  • Libraries

Log in to your account

Log in with GOOGLE


If you do not have an external account, but do have a local account, you can still log in:

  1. Home
  2. MARC view: Tourism security :
Normal view MARC view ISBD view

Tourism security : (Record no. 288886)

[ view plain ]
MARC details
000 -LEADER
fixed length control field 00964cam a2200277 i 4500
001 - CONTROL NUMBER
control field 18087874
003 - CONTROL NUMBER IDENTIFIER
control field SISC
005 - DATE AND TIME OF LATEST TRANSACTION
control field 20160819105314.0
008 - FIXED-LENGTH DATA ELEMENTS--GENERAL INFORMATION
fixed length control field 140331s2014 ne b 001 0 eng
010 ## - LIBRARY OF CONGRESS CONTROL NUMBER
LC control number 2014012003
020 ## - INTERNATIONAL STANDARD BOOK NUMBER
International Standard Book Number 9780124115705
040 ## - CATALOGING SOURCE
Original cataloging agency DLC
Language of cataloging eng
Transcribing agency DLC
Description conventions rda
Modifying agency DLC
042 ## - AUTHENTICATION CODE
Authentication code pcc
050 00 - LIBRARY OF CONGRESS CALL NUMBER
Classification number G 156.5.S43
Item number .T37 2014
082 00 - DEWEY DECIMAL CLASSIFICATION NUMBER
Classification number 910.68/4
100 1# - MAIN ENTRY--PERSONAL NAME
Personal name Tarlow, Peter E.
245 10 - TITLE STATEMENT
Title Tourism security :
Remainder of title strategies for effectively managing travel risk and safety /
Statement of responsibility, etc by Peter E. Tarlow.
260 ## - PUBLICATION, DISTRIBUTION, ETC. (IMPRINT)
Place of publication, distribution, etc Amsterdam :
Name of publisher, distributor, etc Elsevier,
Date of publication, distribution, etc 2014.
300 ## - PHYSICAL DESCRIPTION
Extent xxix, 278 pages ;
Dimensions 24 cm.
500 ## - GENERAL NOTE
General note Includes bibliographical references and index.
650 #0 - SUBJECT ADDED ENTRY--TOPICAL TERM
Topical term or geographic name as entry element Tourism
General subdivision Security measures.
650 #0 - SUBJECT ADDED ENTRY--TOPICAL TERM
Topical term or geographic name as entry element Tourism
General subdivision Risk management.
906 ## - LOCAL DATA ELEMENT F, LDF (RLIN)
a 7
b cbc
c orignew
d 1
e ecip
f 20
g y-gencatlg
942 ## - ADDED ENTRY ELEMENTS (KOHA)
Source of classification or shelving scheme Library of Congress Classification
Koha item type Books
Call number prefix Foreign
Holdings
Withdrawn status Lost status Source of classification or shelving scheme Damaged status Home library Current library Shelving location Date acquired Source of acquisition Cost, normal purchase price Sub Shelving location Total Checkouts Full call number Barcode Date last seen Price effective from Koha item type
    Library of Congress Classification   College Library College Library Reserve Section 11/05/2015 Library Fund 4671.00     G 156.5.S43 .T37 2014 C20215 05/15/2018 11/05/2015 Books
    Library of Congress Classification   College Library College Library Reserve Section 03/09/2016 Library Fund       G 156.5.S43 .T37 2014 C20454 05/15/2018 03/09/2016 Books

Tourism security :

APA

Tarlow P. E., . (2014). Tourism security. Amsterdam: Elsevier.

Chicago

Tarlow Peter E, . 2014. Tourism security. Amsterdam: Elsevier.

Harvard

Tarlow P. E., . (2014). Tourism security. Amsterdam: Elsevier.

MLA

Tarlow Peter E, . Tourism security. Amsterdam: Elsevier. 2014.

  • Place hold
  • Print
  • Cite
  • Add to your cart (remove)
  • Save record
    BIBTEX Dublin Core MARCXML MARC (non-Unicode/MARC-8) MARC (Unicode/UTF-8) MARC (Unicode/UTF-8, Standard) MODS (XML) RIS
  • More searches
    Search for this title in:
    Other Libraries (WorldCat) Other Databases (Google Scholar) Online Stores (Bookfinder.com) Open Library (openlibrary.org)

Exporting to Dublin Core...

SOUTHVILLE LIBRARY

Southville International School and Colleges Library

1281 Tropical Ave. Cor. Luxembourg St., BF Homes International, Las Pinas City

Tel. No. 8256374 / 252358 Loc. 117/146

Powered by Koha